Predpoklady rozvoja malých a stredných podnikov v podmienkach novej ekonomiky
Vývoj štruktúry podnikateľských subjektov v SR. Postavenie podnikateľov a manažérov v malých a stredných podnikoch (MSP). Bariéry rozvoja MSP a ich riešenia.
Salvato in:
| Autore principale: | |
|---|---|
| Natura: | Capitolo di libro |
| Lingua: | slovacco |
| Soggetti: | |
| Tags: |
Nessun Tag, puoi essere il primo ad aggiungerne!!
|
MARC
| LEADER | 00000nla$a2200000$$$4500 | ||
|---|---|---|---|
| 001 | 0070009 | ||
| 005 | 20240502071837.9 | ||
| 041 | 0 | |a slo | |
| 044 | |a SK | ||
| 245 | 1 | 0 | |a Predpoklady rozvoja malých a stredných podnikov v podmienkach novej ekonomiky |c Elena Šúbertová |
| 520 | |a Vývoj štruktúry podnikateľských subjektov v SR. Postavenie podnikateľov a manažérov v malých a stredných podnikoch (MSP). Bariéry rozvoja MSP a ich riešenia. | ||
| 610 | 2 | 0 | |a podnik malý |
| 610 | 2 | 0 | |a podnik stredný |
| 610 | 2 | 0 | |a ekonomika nová |
| 610 | 2 | 0 | |a manažéri |
| 610 | 2 | 0 | |a podnikatelia |
| 610 | 2 | 0 | |a Slovensko |
| 100 | 1 | |a Šúbertová, Elena | |